Statistics for Word Quiz 1 (Spring 2022)

Click here to take the quiz!

General Stats

  • This quiz has been taken 3 times
  • The average score is 5 of 9

Answer Stats

QuestionAnswer% Correct
Made up of sand and earth left by rivers, floods.Alluvial
100%
(British English) A large place where people can congregate, such as a hallAula
100%
A noisy boisterous band or parade.Callithump
50%
An association of nations for their mutual benefit.Comity
50%
Marked by weakness or decadenceEffete
50%
Relating to the art of placing or arranging buildings or other sites auspiciously.Geomantic
50%
In terminal decline; lacking vitality or vigour.Moribund
50%
(British English) A flock of pheasantsNye
0%
The use of more words than are necessary to convey meaning, either as a fault of style or for emphasis.Pleonasm
0%

Score Distribution

Percentile by Number Answered

Percent of People with Each Score

Your Score History

You have not taken this quiz